000 00724nam a2200205Ia 4500
003 GCL
008 140319s9999 xx 000 0 ara d
040 _aGCL /
_cGCL
082 0 4 _a341.37
_bار
100 1 _aرشيد الخالدى
245 1 0 _aالاتحاد السوفيتى وكامب ديفيد /
_cرشيد الخالدى
260 _a[S.N] :
_bمؤسسة الدراسات الفلسطينية ،
_c1980
300 _a45 ص
490 _aاوراق مؤسسة الدراسات الفلسطسينية
_v0
650 0 4 _aالاتحاد السوفيتى
650 0 4 _aالنزاع العربى الاسرائيلى
650 0 4 _aفلسطين
650 0 4 _aاتفاقيات كامب ديفيد
942 _2ddc
_cBK
999 _c40447
_d40447